000 01135nam a22003010a 4500
001 PT21750
003 AR-LpoUNG
005 20210131233027.0
008 191001s2002||||sp |||||||||||||||||spa d
020 _a8477748527
_c$11,6
040 _aAR-LpoUNG
_bspa
_cAR-LpoUNG
_eaacr
041 _aspa
044 _asp
082 0 _a410 548len
100 1 _aChomsky, Noam
245 1 3 _aEl lenguaje y los problemas del conocimiento :
_bconferencias de Managua 1
260 _aMadrid :
_bA. Machado,
_c2002.
300 _a177 p. :
_bgráfs.
520 _aEl autor ha estudiado dos temas: el "problema de Platón" (¿cómo sabemos tanto a partir de tan pocos datos?) y el "problema de Orwell" (¿cómo se logra que cerremos los ojos a datos obvios?). Se trata de conferencias para un público no especializado, a cuya riqueza temática se une el interés de unos coloquios sin prejuicios.
650 4 _aCONOCIMIENTO
650 4 _aINVESTIGACION
650 4 _aLINGUISTICA
651 4 _aDOCUMENTOS TEORICOS O METODOLOGICOS
700 1 _aAlegría, Claribel
_etr.
700 1 _aFlakoll, D. J.
_etr.
905 _a21750
942 _cLIB
999 _c18780
_d18780